000 01236cam a2200133 4500500
005 20260329030250.0
041 _afre
042 _adc
100 1 0 _ade Funès, Julia
_eauthor
245 0 0 _aSocrate au pays des process
260 _bFlammarion,
_c2021.
520 _aDurant quelques années, j’ai été chasseuse de têtes: j’étais censée évaluer des candidats expérimentés qui occupaient des fonctions complexes et techniques, auxquelles je ne pouvais, du haut de mes vingt-deux ans, rien comprendre. Je me suis aussitôt retrouvée confrontée au non-sens absolu. Comment évaluer ce que je ne connaissais pas ? Comment juger des compétences nécessaires à des métiers dont j’ignorais tout ? C’est la philosophie qui m’a pour ainsi dire sauvée: mes études de philo m’ont enseigné à dynamiter mes préjugés et à rechercher le sens de ce qui est. C’est désormais ce que je m’emploie à faire, à la demande des entreprises, avec leurs collaborateurs. Je vous invite donc à un voyage philosophique, au ton volontairement léger, dans le monde des affaires.
856 4 1 _uhttps://shs.cairn.info/socrate-au-pays-des-process--9782080253668?lang=fr&redirect-ssocas=7080
999 _c1943484
_d1943484